000
00290nam a22001097a 4500
008
170111b xxu||||| |||| 00| 0 eng d
020
_a
9781284050912
041
_a
eng
080
_2
5TH
_a
618.2
245
_a
NURSE PRACTITIONER'S BUSINESS PRACTICE AND LEGAL GUIDE
_c
BUPPERT, C
942
_2
udc
_c
BK
999
_c
2699
_d
2699